Effect of silane coupling agent on the mechanical properties of flyash-filled chloroprene rubber (Record no. 58118)
[ view plain ]
| 000 -LEADER | |
|---|---|
| fixed length control field | 01893nam a2200241Ia 4500 |
| 100 ## - MAIN ENTRY--AUTHOR NAME | |
| Personal name | Alkadasi Nabil A N |
| 245 #0 - TITLE STATEMENT | |
| Title | Effect of silane coupling agent on the mechanical properties of flyash-filled chloroprene rubber |
| 260 ## - PUBLICATION, DISTRIBUTION, ETC. (IMPRINT) | |
| Name of publisher | Journal of Rubber Research |
| Year of publication | 2004 |
| 300 ## - PHYSICAL DESCRIPTION | |
| Number of Pages | 167-179 |
| 520 ## - SUMMARY, ETC. | |
| Summary, etc | Attempts have been made in the utilisation of flyash as a filler for elastomers as it is a waste product from thermal power stations, generated in huge quantities and has disposal problems. It has been used as a filler for rubbers and plastics to a very small extent, although flyash does not contribute at all in enhancing mechanical properties of composites. The purpose of this study was to obtain better utilisation of flyash as a filler, by treating it with silane coupling agent Si-69 i.e. Bis (3-triehtoxysilypropyl) tetrasulphide. Composites of chloroprene rubber containing treated and untreated flyash were made with varying proportions. A two-roll mill was used for dispersing the filler in the rubber and compression moulding was used to cure the compounded material in sheet form. Tensile properties were measured on a computerised Universal Testing Machine using the ASTM procedure. Comparison of properties of composites filled with treated and untreated flyash established that the silane treatment of flyash imparted better reinforcing properties. Tensile strength was improved by ten times whilst modulus at 400;and Youngs modulus were improved by 7.5 and 9 times, respectively at a volume fraction of about 0.5. |
| 650 ## - SUBJECT ADDED ENTRY--TOPICAL TERM | |
| Topical Term | Chloroprene rubber |
| 650 ## - SUBJECT ADDED ENTRY--TOPICAL TERM | |
| Topical Term | Composites |
| 650 ## - SUBJECT ADDED ENTRY--TOPICAL TERM | |
| Topical Term | Fillers |
| 650 ## - SUBJECT ADDED ENTRY--TOPICAL TERM | |
| Topical Term | Flyash |
| 650 ## - SUBJECT ADDED ENTRY--TOPICAL TERM | |
| Topical Term | Mechanical properties |
| 650 ## - SUBJECT ADDED ENTRY--TOPICAL TERM | |
| Topical Term | Si-69 |
| 650 ## - SUBJECT ADDED ENTRY--TOPICAL TERM | |
| Topical Term | Silane coupling agent |
| 700 ## - ADDED ENTRY--PERSONAL NAME | |
| Personal name | Hundiwale D G |
| 700 ## - ADDED ENTRY--PERSONAL NAME | |
| Personal name | Kapadi U R |
| 700 ## - ADDED ENTRY--PERSONAL NAME | |
| Personal name | Sarwade Bhimrao D |
| 942 ## - ADDED ENTRY ELEMENTS (KOHA) | |
| Koha item type | Journals |
| Withdrawn status | Lost status | Damaged status | Not for loan | Home library | Current library | Shelving location | Date acquired | Serial Enumeration / chronology | Koha item type |
|---|---|---|---|---|---|---|---|---|---|
| Journals | RRII Library | RRII Library | Rubber chemistry | 17/12/2021 | Volume 7, Issue 3 | Journals |